La familia: una aventura
Guardat en:
| Autors principals: | , , , |
|---|---|
| Format: | Llibre |
| Idioma: | espanyol |
| Publicat: |
Santiago
Universidad Católica de Chile
1988
|
| Edició: | 2a. ed |
| Matèries: | |
| Etiquetes: |
Afegir etiqueta
Sense etiquetes, Sigues el primer a etiquetar aquest registre!
|
MARC
| LEADER | 00000nam a2200000 a 4500 | ||
|---|---|---|---|
| 001 | UCW8710 | ||
| 003 | CL-VaPUC | ||
| 008 | 881025e19880000CL |||||||||||||||||spa|d | ||
| 082 | 0 | 4 | |a 306.85 |b ELS |2 21 |
| 100 | 0 | |a Elsner Vásquez, Paulina |e author |9 313935 | |
| 700 | 0 | |a Montero Labbé, María de la Luz |e author |9 313936 | |
| 700 | 0 | |a Reyes Vergara, Carmen |e author |9 313937 | |
| 700 | 0 | |a Zegers Prado, Beatriz |e author |9 313938 | |
| 245 | 1 | 3 | |a La familia: una aventura |
| 250 | |a 2a. ed | ||
| 300 | |a 162 p | ||
| 942 | |c BK | ||
| 945 | |d 19881025 00:00:00 | ||
| 260 | |a Santiago |b Universidad Católica de Chile |c 1988 | ||
| 650 | 0 | |a Educación para la vida familiar |9 307821 | |
| 650 | 7 | |a MATRIMONIO |2 CL-VaPUC |9 313939 | |
| 650 | 0 | |a Familias |9 255641 | |
| 583 | |a last modification |c 20121226 10:57:15 |k Rodrigo Vera | ||
| 999 | |c 221001 |d 220999 | ||
| 952 | |0 0 |1 0 |4 0 |6 306_850000000000000_ELS_1988 |7 0 |8 A |9 213882 |a BIBENE |b BIBENE |d 2019-11-15 |i 2822334 |o 306.85 ELS 1988 |p 2822334 |r 2025-01-15 |w 2019-11-15 |y BK |k ICO | ||
| 952 | |0 0 |1 0 |4 0 |6 306_850000000000000_ELS_1988 |7 0 |8 A |9 213883 |a BIBGIM |b BIBGIM |d 2019-11-15 |i 2822342 |o 306.85 ELS 1988 |p 2822342 |r 2025-01-15 |w 2019-11-15 |y BK |k SSL | ||
| 952 | |0 0 |1 0 |4 0 |6 306_850000000000000_ELS_1988 |7 0 |8 A |9 213884 |a BIBGIM |b BIBGIM |d 2019-11-15 |i 2822415 |o 306.85 ELS 1988 |p 2822415 |r 2025-01-15 |w 2019-11-15 |y BK |k SSL | ||